1184 1937 1087 1180 1262 1280 1184 1625 1847 1093 1663 1632 1558 1091 1802 1861 1613 1697 1744 1102 1855 1560 1277 1188 1535 1706 1325 1058 1265 1362 1300 1052 1018 1614 1626 1770 1098 1520 1514 1498 1991 1247 1541 1199 1456 1872 1783 1669 1673 1565 1999 1781 1664 1471 1009 1228 1172 1316 1782 1518 1075 1994 1314 1661 1946 1287 1561 1041 1368 1404 1482 1377 1107 1367 1207 1126 1276 1142 1783 1578 1029 1672 1933 1816 1226 1679 1852 1362 1749 1849 1614 1239 1095 1480 1185 1606 1924 1805 1992 BCNSPRNW ULIB Ver.6.0+V

เปลี่ยนเป็นภาษาไทย

Change to English
 แสดงรายละเอียดบรรณานุกรม
  กลับหน้าหลัก

Brief Record : Get Marc (ISO 2709) : E-mail record : QR code < ปิดหน้าต่าง
LEADER : 00000nam 2200000uu 4500
001    13399122552
003     ULIB
008    020711s2549 th a 000 0 tha d
020    9743414304
020    9789743414305
090    นว.^bอ111ห
100    อาธา คริสตี้,^eเขียน
245    หักเหลี่ยมทนาย./^cอาธา คริสตี้ ; เขียน , ดวงตา ; แปล
250    พิมพ์ครั้งที่ 1
260    กรุงเทพฯ :^bสร้างสรรค์บุ๊คส์,^c2549
300    249 หน้า
700 1  ดวงตา,^eแปล
945    ^p110^l0^i20000
999    ^aทศพร เกษรทอง
รายการนี้ยังไม่มีแท็ก
คุณยังไม่ได้ล็อกอิน คุณสามารถมีกิจกรรมร่วมกับเว็บไซต์ได้ แต่ต้องล็อกอินก่อน ::
  ล็อกอิน

รายการสื่อสารสนเทศ

ลำดับที่ ประเภท เลขเรียก/บาร์โค้ด สถานที่ สถานะ
1. นวนิยาย
นวนิยาย
นว. อ111ห ฉ.1 
  Barcode: 20000
ห้องสมุดวิทยาเขตสวรรค์ประชารักษ์
►นวนิยาย
บนชั้น
  ขอยืม

BibComment


ยังไม่เคยถูกคอมเมนท์

คอมเมนท์ทรัพยากรรายการนี้
  คอมเมนท์: หักเหลี่ยมทนาย อา..


 Copyright 2026. Bcnsprnw @Library